000 01045nam a2200301Ia 4500
003 OSt
005 20240827153258.0
006 a|||||r|||| 00| 0
007 ta
008 220927b |||||||| |||| 00| 0 eng d
020 _c6396.3000000000002
024 _a116560
037 _b103, 10/09/2012, Pioneer Book Distributors
_cTextual
040 _aSDCL
_cSDCL
_beng
041 _2eng
_aeng
082 _aX652:(B), Q2
100 _aAbergel Frederic Ed.
_9462313
245 0 _aMarket microstructure
_b Confronting many viewpoints.
260 _aChichester
_bJohn Wiley
_c2012
300 _axv,238p
_ccm.
650 _aFinancial Studies
700 _a Bouchaud Jean-Philippe Ed.
_9462314
700 _a Foucault Thierry Ed.
_9462315
700 _a Lehalle Charles-Albert Ed.
_9462316
700 _a Rosenbaum Mathieu Ed.
_9462317
942 _hX652:(B), Q2
_cTEXL
_2CC
999 _c775311
_d775311